Sistema automatizado de separación por tamizado de arena y grava, para el Plantel de Arenas del Laboratorio Nacional de Aguas del Instituto Costarricense de Acueductos y Alcantarillados (AyA)
Na minha lista:
| Autor principal: | |
|---|---|
| Outros Autores: | , |
| Formato: | Livro |
| Idioma: | Spanish |
| Publicado em: |
[San José ], Costa Rica
2019
|
| Assuntos: | |
| Tags: |
Adicionar Tag
Sem tags, seja o primeiro a adicionar uma tag!
|
MARC
| LEADER | 00000nam a22000007a 4500 | ||
|---|---|---|---|
| 003 | 013111 | ||
| 005 | 20230505091533.0 | ||
| 008 | 190826b2019 cr a|||| |m|| 00| ||spa d | ||
| 040 | |c cru CEDI | ||
| 090 | |a TFG 8261 | ||
| 100 | |9 479 |a Méndez Camacho, Jorge Isaac, 1993- | ||
| 245 | |a Sistema automatizado de separación por tamizado de arena y grava, para el Plantel de Arenas del Laboratorio Nacional de Aguas del Instituto Costarricense de Acueductos y Alcantarillados (AyA) | ||
| 260 | |a [San José ], Costa Rica |c 2019 | ||
| 500 | |a Proyecto de graduación (licenciatura en ingeniería mecánica)--Universidad de Costa Rica. Facultad de Ingeniería. Escuela de Ingeniería Mecánica | ||
| 501 | |a Director de Proyecto de Graduación: Mag. Jose Alberto Rodríguez Porras | ||
| 610 | 0 | |9 490 |a Instituto Costarricense de Acueductos y Alcantarillados. Laboratorio Nacional de Aguas - INVESTIGACIONES | |
| 650 | |x ARENA - FILTRACION |x SEPARADORES (MAQUINAS) - DISEÑO Y CONSTRUCCION |x ANALISIS DE COSTOS |x MEJORAMIENTO DE PROCESOS | ||
| 700 | |9 478 |a Sánchez Ocampo, Andrés, 1992- | ||
| 700 | |9 211 |a Rodríguez Porras, José Alberto |d Director del TFG | ||
| 942 | |c CEDI |h TFG 8261 |6 TFG_8261_000000000000000 | ||
| 999 | |c 21776 |d 21776 | ||
